| 000 | 00495nam a2200181Ia 4500 | ||
|---|---|---|---|
| 001 | 19216 | ||
| 005 | 20260306171728.0 | ||
| 008 | 260306s9999||||xx |||||||||||||| ||und|| | ||
| 041 | _aESP | ||
| 082 |
_a658.804 _bA37 |
||
| 100 |
_aAlcaide Casado, Juan Carlos _eAUT |
||
| 245 | 0 |
_aGeomarketing: _bcómo sacar partido al marketing territorial para vender y fidelizar más |
|
| 260 | _c2012 | ||
| 300 |
_a219 páginas : _c24 cm. |
||
| 650 | _aGEN | ||
| 654 | _aCAN | ||
| 942 |
_cLIB _dJUS _fJUS _2ddc _n |
||
| 999 |
_c19216 _d19216 |
||